Countries Closest - Multiple Choice - Statistics

General Stats
  • This quiz has been taken 85 times
    65 since last reset
  • The average score is 6 of 20
Answer Stats
Question Answer % Correct
United States Bahamas
100%
Turkey Bulgaria
100%
Djibouti Eritrea
67%
China Taiwan
67%
Rwanda Ethiopia
33%
Poland Hungary
33%
Vietnam Indonesia
33%
Switzerland Monaco
33%
Morocco Portugal
33%
Canada Russia
33%
Kenya Sudan
33%
Palestine Syria
33%
New Zealand Australia
0%
Ghana Côte d'Ivoire
0%
Brazil Ecuador
0%
England France
0%
Barbados St Lucia
0%
Pakistan Tajikistan
0%
Serbia Turkey
0%
Palau Vietnam
0%
No matching quizzes found
Score Distribution
Percent of People with Each Score
Percentile by Number Answered
Your Score History
You have not taken this quiz since the last reset